000 00444nam a2200181Ia 4500
001 10714
005 20260306161852.0
008 260306t1978||||xx |||||||||||||| ||spa||
041 _aESP
082 _a946.0824
_bV78
100 _aVizcaíno Casas, Fernando
_eAUT
245 0 _aLa España de la posguerra (1939-1953)
260 _c1978
300 _a308 páginas :
_c18 cm.
650 _aGEN
654 _aCHU
942 _cLIB
_dJUS
_fJUS
_2ddc
_n
999 _c10714
_d10714